000 00733nam a2200289Ia 4500
005 20260324115146.0
008 008 260324s9999 xx 000 0 eng d
020 _a9780429328053
037 _aEBOOK
040 _aCRL
040 _beng
040 _cCRL
041 _2eng
041 _aeng
084 _qCRL
100 _aGeorge K. Strodtbeck III; Mohan V. Tatikonda PhD
_91153583
245 2 _aA Magnificent Journey to Excellence
245 0 _bSixteen Years of Six Sigma at Cummins Inc.
260 _bTaylor and Francis
260 _c2019
365 _a
365 _b55.99
856 _uhttp://www.taylorfrancis.com/books/9780429328053
942 _cEBOOK
999 _c1744260
_d1744260